书目信息 |
| 题名: |
中国一百名医图
|
|
| 作者: | 陈文杰 | |
| 分册: | ||
| 出版信息: | 新世纪出版社 1995.10 |
|
| 页数: | 231页 | |
| 开本: | 16开 | |
| 丛书名: | ||
| 单 册: | ||
| 中图分类: | J211.25 | |
| 科图分类: | ||
| 主题词: | 绘画--技法(美术) | |
| 电子资源: | ||
| ISBN: | 7-5405-1181-8 | |
| 000 | 00528nam0 2200193 45 | |
| 001 | 0308271009 | |
| 005 | 20030827105706.2 | |
| 010 | @a7-5405-1181-8@dRMB18.00 | |
| 100 | @a20030827d1995 km y0chiy0120 ea | |
| 101 | @achi | |
| 105 | @a z 000yy | |
| 200 | 1 | @a中国一百名医图@Azhong guo yi bai ming yi tu@f陈文杰@Fchen wen jie |
| 210 | @c新世纪出版社@d1995.10 | |
| 215 | @a231页@c无图表@d16开 | |
| 606 | 0 | @a绘画@x技法(美术) |
| 690 | @aJ211.25@v3 | |
| 701 | 0 | @a陈文杰 |
| 801 | @aCN@b@c20030827 | |
| 905 | @aBZT@dJ211.25@e57 | |
| 中国一百名医图/陈文杰.-新世纪出版社,1995.10 |
| 231页:无图表;16开 |
| ISBN 7-5405-1181-8:RMB18.00 |
| ● |
| 相关链接 |
|
|
|
正题名:中国一百名医图
索取号:J211.25/57
 
预约/预借
| 序号 | 登录号 | 条形码 | 馆藏地/架位号 | 状态 | 备注 |
| 1 | 84683 | 200065507 | 中心书库中库/ 中库016架B面1列5层9/ [索取号:J211.25/57] | 在馆 | |
| 2 | 84685 | 200065491 | 中心书库中库/ 中库016架B面1列5层10/ [索取号:J211.25/57] | 在馆 |